000 01565nam a22001577a 4500
041 _aukr
080 _a09
090 _bРОМ
100 _aРоманюк М.В.
245 _aСлоган як комунікаційний акт
260 _aОстрог
_bКАФ
_c2010
300 _a56
520 _aВСТУП РОЗДІЛ 1 СЛОГАН ЯК КОМУНІКАЦІЙНИЙ АКТ 1.1 Прагматика у сфері масової комунікації. 1.2 Особливості структурних елементів комунікативного акту. 1.3 Особливості рекламної комунікації. 1.4 Рекламний слоган. РОЗДІЛ 2 ОСНОВНІ ХАРАКТЕРИСТИКИ СЛОГАНА ЯК ОДИНИЦІ КОМУНІКАЦІЇ 2.1 Комунікативно-прагматичні характеристики інформаційно-оцінних слоганів. 2.2 Лексико-семантичні особливості слоганів. 2.3 Комунікативно-прагматичні характеристики апелятивних слоганів. 2.4 Синтаксичні особливості слоганів. РОЗДІЛ 3 ПРАКТИЧНЕ ДОСЛІДЖЕННЯ СЛОГАНІВ 3.1 Структура та класифікація слоганів. 3.2 Зразки інформаційно-оцінних та апелятивних слоганів. ВИСНОВКИ
_0слоган, комунікація
650 _aResearch Papers
999 _c284237
_d284237
942 _cBK